Serbian cities - Statistics

General Stats
  • This quiz has been taken 102 times
  • The average score is 15 of 29
Answer Stats
Answer % Correct
nis
97%
novi sad
95%
beograd
89%
subotica
77%
kragujevac
71%
kraljevo
65%
leskovac
62%
krusevac
58%
novi pazar
58%
cacak
56%
smederevo
56%
vranje
55%
pristina
53%
valjevo
53%
zrenjanin
53%
sombor
52%
sremska mitrovica
48%
uzice
48%
pancevo
47%
jagodina
45%
sabac
45%
pirot
41%
bor
39%
loznica
39%
kikinda
38%
zajecar
35%
pozarevac
32%
vrsac
23%
prokuplje
9%
No matching quizzes found
Score Distribution
Percent of People with Each Score
Percentile by Number Answered
Your Score History
You have not taken this quiz